| 000 | 00365nam a2200133Ia 4500 | ||
|---|---|---|---|
| 008 | 240624s9999 xx 000 0 und d | ||
| 041 | _aeng | ||
| 082 | _a658.4038 CHA | ||
| 100 | _aCHAUDHARY HARISH CHANDRA | ||
| 245 | _aKNOWLEDGE MANAGEMENT FOR COMPETITIVE ADVANTAGE C | ||
| 260 |
_c2005 _aNew Delhi _bExcel Books |
||
| 300 | _axviii, : 161 : cm. ; 22 | ||
| 365 | _cRS | ||
| 999 |
_c2440 _d2440 |
||